00358nam a2200097Ia 4500245001500000100008300015942000700098008004100105999001900146952009500165 0aSkemeruur  a LINGUA, Susanna M. (Susanna Myburgh) Pretoria, 1992 Grootdrukuitg 914684 cBK210825s9999 xx 000 0 und d c552032d552031 00104070aPIETLbPIETLd2021-08-25g39.33l0p33228001234135r2021-08-25w2021-08-25yBK